Le XVIIIeme siècle - Statistiques

Statistiques générales
  • Ce quiz a été pris 58 fois
  • Le résultat moyen est 19 sur 100
Statistiques - réponses
Hint Réponse % Correct
1715 Mort de ce roi qu'on surnommait le Roi soleil après 72 ans de règne Louis XIV
93%
1793 Roi de France guillotiné sur la place Révolution à Paris Louis XVI
93%
1703 Début de la fondation de cette nouvelle capitale russe Saint Petersbourg
74%
1789 Devient le premier président des Etats Unis d'Amerique Georges Washington
64%
1785 Devient la monnaie unique des Etats Unis Dollar
62%
1759 Auteur du Candide ou l'Optimisme Voltaire
62%
1799 Execute le coup d'Etat du 18 brumaire, organisé par son frère Napoleon Bonaparte
57%
1751 Dirige avec Jean Le Rond d'Alembert l'Encyclopédie Diderot
55%
1794 La chute de Robespierre met fin à cette période de la Révolution française La Terreur
55%
1791 Femme de lettres autrice de la déclaration des droits de la femme et de la citoyenne Olympe de Gouges
50%
1786 Compositeur autrichien des Noces de FIgaro Mozart
48%
1714 Empire déclarant la guerre à Venise suite aux acquisitions de celle-ci en Mer d'Egée Empire Ottoman
45%
1755 Ville portugaise détruite par un tremblement de terre et un violent tsunami Lisbonne
43%
1721 Auteur français des Lettres persanes Montesquieu
43%
1781 Philosophe prussien des Lumières allemandes, auteur de la Critique de la raison pure Emmanuel Kant
40%
1705 Compositeur italien de l'opus 1 des douze sonates en trio Antonio Vivaldi
38%
1718 Ce célèbre pirate est tué par la Marine Royale britannique lors de la bataille de l'ile d'Ocracoke Barbe noire
38%
1756 Début de cette guerre opposant la France alliée à l'Autriche et la Grande Bretagne alliée à la Prusse Guerre de 7 ans
38%
1710 Ville espagnole se révoltant contre le nouveau roi d'Espagne Madrid
33%
1719 Publication de ce roman de Daniel Defoe inspiré de la vie du marin écossais Alexander Selkirk Robinson Crusoé
33%
1738 Traité mettant fin à la Guerre de Succession de Pologne Traité de Vienne
33%
1752 Inventeur du paratonnerre Benjamin Franklin
31%
1762 Devient impératrice de Russie Catherine II
31%
1777 Chimiste français à l'origine de découvertes sur l'oxydation, l'état de la matière ou sur les composants de l'air et de l'eau Lavoisier
31%
1724 Compositeur allemand de la Passion selon Saint Jean Jean-Sebastien Bach
29%
1792 Victoire des armées révolutionnaires sur les armées prussiennes lors de cette bataille Bataille de Valmy
24%
1716 Cet empereur du Saint Empire romain germanique déclare la guerre aux Turcs Charles VI
24%
1729 Ville de Nuuk fondée par le norvégien Hans Engende sur cette ile située dans l'archipel arctique Groenland
24%
1743 Hollandais prennent le controle de cette ile de l'Indonésie Java
24%
1717 Cette congrégation catholique est interdite en Chine Jésuite
24%
1707 Début du déclin de cet empire situé en Inde Moghol
24%
1725 Mort de ce tsar et empereur de toutes les Russies après 42 ans de règne Pierre le Grand
24%
1773 Révolte politique contre le parlement britannique dans la capitale de la baie du Massachusetts Boston Tea Party
21%
1784 Fait breveuter la locomotive à vapeur James Watt
21%
1761 Auteur de Julie ou la Nouvelle Héloise Rousseau
21%
1764 Création par les Espagnols de l'intendance de cette ile des Antilles Cuba
19%
1774 Ecrivain allemand, auteur des Souffrances du jeune Werther Goethe
19%
1722 Le navigateur néerlandais Jakob Roggeven découvre cette ile de l'océan Pacifique, au large de l'actuel Chili Ile de Paques
19%
1737 Auteur français de la pièce Les Fausses Confidences Marivaux
19%
1712 Renonce à ses droits sur la couronne de France pour lui et sa descendance Philippe V
19%
1711 Ville portugaise en Amérique du sud prise par le corsaire français Duguay-Trouin Rio de janeiro
19%
1749 Philosophe anglais du Traité de la nature humaine David Hume
17%
1770 Débarque sur la cote est de l'Australie à bord de l'HMS Endeavour James Cook
17%
1760 Siège par les Britanniques de cet établissement français en Inde Pondichéry
17%
1763 Traité mettant fin à la guerre désignée comme la "Première guerre mondiale" de l'histoire Traité de Paris
17%
1709 Ce territoire d'Asie centrale se soulève contre le pouvoir perse Afghanistan
14%
1778 Roi de Prusse s'opposant à la maison des Habsbourg lors de la guerre de succession de Bavière Frédéric II
14%
1704 Prise de ce territoire espagnol par les armées anglo-néerlandaises Gibraltar
14%
1744 Premier état saoudien sous le règne de ce cheikh Ibn Saoud
14%
1731 Edit d'expulsion des protestants concernant cette ville autrichienne Salzbourg
14%
1713 Traités mettant fin à la guerre de succession d'Espagne Traité d'Utrecht
14%
1776 Groupe de colonies américaines de l'Empire britannique à l'origine de la déclaration d'indépendance des Etats Unis d'Amerique 13 colonies
12%
1753 Est fondé à Londres, et sera ouvert au public en 1759 British Museum
12%
1798 Campagne française dans ce pays pour entraver la puissance commerciale britannique, en barrant la route des Indes Egypte
12%
1720 Effondrement de ce système financier mis en place en France afin de liquider la dette Law
12%
1730 Invention de cet instrument de navigation permettant de mesurer la distance angulaire entre deux points Sextant
12%
1765 Cette région, de l'actuelle Roumanie, devient une principauté alors qu'elle est une composante de la monarchie autrichienne Transylvanie
12%
1740 Monte sur le trone des Habsbourg et provoque la guerre de succession d'Autriche Marie Thérèse
10%
1775 Début du pontificat de ce pape originaire de Cesena Pie VI
10%
1795 Disparition de cette état néerlandais après la révolution batave et l'intervention française Provinces-Unies
10%
1706 Une Révolte a lieu dans cette colonie néerlandaise en Afrique Colonie du Cap
7%
1700 Début de cette guerre opposant la Suède à entre autre l'Empire russe ainsi que le Danemark Grande guerre du nord
7%
1726 Publication de la version censurée de ce roman d'aventure de l'irlandais Jonathan Swift Les voyages de Gulliver
7%
1745 Bataille durant laquelle la 2eme Révolte des jacobites est écrasée en Ecose par la maison hanovre Bataille de Culloden
5%
1766 Début du tour du monde de cet explorateur et navigateur français Bougainville
5%
1735 Naturaliste suédois auteur du Systema Naturea qui propose une classification des trois grands règnes de la nature Carl Von Linné
5%
1782 Testent pour la première fois le ballon à air chaud Frères Mongolfier
5%
1701 Alliance entre plusieurs puissances européennes pour contrer les ambitions françaises Grande alliance
5%
1736 Opérations en Crimée menées par ce peuple d'origine turc, descendant de Mongols, pendant la guerre russo-turque Tatar
5%
1708 Blocus britannique causant une famine dans cette colonie nord-américaine française Terre Neuve
5%
1783 Traité qui stoppe l'expansion britannique après sa défaite lors de la guerre d'indépendance des Etats Unis Traité de Versailles
5%
1733 Son arrivée sur le trone de Pologne provoque le début de la guerre de succession de Pologne Auguste III
2%
1702 Peuple amérindien originaire du sud-est soutenu par les Anglais pendant la deuxième guerre intercoloniale Creeks
2%
1723 Approbation des Constitutions d'Anderson, textes fondateurs de cette association philanpotrique, mutualiste, de nature ésotérique Franc-maçonnerie
2%
1757 Victoire prussienne sur l'armée autrichienne dans cette ville de Silésie Leuthen
2%
1741 Complot supposé d'esclaves et de blancs pauvres dans cette colonie britannique d'Amérique du nord New York
2%
1771 Homme d'état et magistrat français à l'origine d'une réforme antiparlementaire René-Nicolas Maupeou
2%
1748 Traité mettant fin à la guerre de succession d'Autriche Traité d'Aix la Chapelle
2%
1780 Se proclame inca et prend la tete de la révolte indienne au Pérou Tupac Amaru
2%
1727 Période d'anarchie au Maroc alors dirigé par cette dynastie Alaouite
0%
1732 Nom de l'entente austro-prusso-russe conclue à Wusterhausen Alliance des 3 aigles noirs
0%
1742 Bataille entre l'Espagne et l'Angleterre sur l'ile de Saint Simmons Bloody Marsh
0%
1746 Début du conflit colonial entre l'Angleterre et la France sur cette cote d'Inde du sud Carnatique
0%
1768 Confédération polonaise voulant lutter contre l'influence russe en Pologne et Stanislas II Confédération de Bar
0%
1734 Empire nomade des steppes eurasiennes en lutte contre la Chine impériale Dzoungar
0%
1747 Mort de Nader Chah. Ahmad Chah fonde cette empire en Asie centrale Empire durrani
0%
1750 Indigènes de la région amazonienne en guerre contre l'Espagne et le Portugal Guaranis
0%
1767 1ere expédition européenne à aborder Tahiti HMS Dolphin
0%
1758 Ce Roi du Portugal échappe à un attentat Joseph Ier
0%
1754 Officier français tué par un peloton armé dirigé par Georges Washington Jumonville
0%
1779 Début de cette dynastie en Iran après l'arrivée au pouvoir d'Agha Mohammad Shah Kadjar
0%
1796 Secte chinoise composée de paysans qui se rebelle contre la dynastie impériale Lotus blanc
0%
1772 Populations polynésiennes autochtones ayant tué et mangé l'explorateur Marion Dufresne Maoris
0%
1787 Militaire et amant de l'impératrice de Russie qui l'influence à reprendre la lutte contre les Turcs en Europe Potemkine
0%
1728 Surnom donné au peuple amérindien Mesquakie en lutte contre la Nouvelle France Renard
0%
1790 Fin de cette Révolution des états unis belges contre l'Autriche Révolution brabançonne
0%
1769 Soulèvement de la population grecque soutenue par la Russie dans sa lutte contre les Turcs Révolution d'Orloff
0%
1788 Comptoir britannique d'Afrique de l'ouest fondé pour servir d'asile aux esclaves Sierra Leone
0%
1739 Traité mettant fin à la Guerre austro-turque Traité de Belgrade
0%
1797 Traité de paix mettant fin à la première coalition entre la France et l'Autriche Traité de Campoformio
0%
Aucun quiz correspondant
Distribution des résultats
% des personnes avec chaque résultat
Percentile par nombre de réponses
Votre historique - résultats
Vous n’avez pas pris ce quiz